[Event "UAE President Cup U14 Girls"]
[Site "Ajman"]
[Date "2019.01.03"]
[Round "2"]
[White "Maysoon Ali, Jaber Alali"]
[Black "Aysha, Nasser H Alshamsi"]
[Result "0-1"]
[WhiteElo "1080"]
[BlackElo "1345"]
[PlyCount "64"]
[EventDate "2019.01.02"]
[EventType "swiss"]
[EventRounds "9"]
[EventCountry "UAE"]
[SourceTitle "CBM 188 Extra"]
[Source "ChessBase"]
[SourceDate "2019.02.28"]
[SourceVersion "1"]
[SourceVersionDate "2019.02.28"]
[SourceQuality "1"]

1. d4 d5 2. Nf3 Nf6 3. g3 b6 4. Bg2 Bb7 5. 0-0 e6 6. Bf4 c5 7. c4 Nbd7 8. b3 Be7 9. Nc3 0-0 10. cxd5 Nxd5 11. Nxd5 Bxd5 12. Re1 cxd4 13. Nxd4 Bxg2 14. Kxg2 Rc8 15. Nf3 Bf6 16. Rc1 e5 17. Rxc8 Qxc8 18. Bg5 e4 19. Nd4 Bxg5 20. Nf5 Nc5 21. Qd5 Rd8 22. Qe5 Bf6 23. Ne7+ Bxe7 24. Qxe7 Qd7 25. Qe5 Qd5 26. Qc7 e3+ 27. f3 Qd2 28. Rc1 Qxe2+ 29. Kh1 Qxf3+ 30. Kg1 Qf2+ 31. Kh1 Qd2 32. Rf1 f6 0-1